000 00752nam a22002177a 4500
999 _c18028
_d18028
003 AR-CdUCM
008 190511b ||||| |||| 00| 0 spa d
040 _aMUNICIPALIDAD PROVINCIAL DEL CUSCO
_cBIBLIOTECA MUNICIPAL DEL CUSCO
082 _a372.12 /
_bP12
100 _aPacaud, Suzanne
_938360
245 _aLa selección profesional /
260 _aBuenos Aires :
_bKapelusz,
_c1961.
300 _a168 páginas ;
_bIlustraciones,
_c21 cm.
440 _aBiblioteca de psicología contemporánea ;
_935689
505 _aContenido: Aspectos generales -- Aspectos metodológicos...
650 _aProfesionales
_922093
650 _aProfesión
_938361
700 _aUcha, Selva E. (traductor)
_938362
942 _2ddc
_cLIBROS
945 _aacv
_d2019-05-11